Agricultural System Models In Field Research And Technology Transfer. Chapter 12 : (Record no. 935)

MARC details
000 -LEADER
fixed length control field 01311nam a22003377a 4500
001 - CONTROL NUMBER
control field 03599
003 - CONTROL NUMBER IDENTIFIER
control field HDC
007 - PHYSICAL DESCRIPTION FIXED FIELD--GENERAL INFORMATION
fixed length control field cr bn ---aaaaa
008 - FIXED-LENGTH DATA ELEMENTS--GENERAL INFORMATION
fixed length control field 210111t2016 flu||||| |||| 00| 0 eng
020 ## - INTERNATIONAL STANDARD BOOK NUMBER
International Standard Book Number 1-56670-563-0
040 ## - CATALOGING SOURCE
Original cataloging agency HDC
100 ## - MAIN ENTRY--PERSONAL NAME
Personal name Sadler, John E.
Relator term author
9 (RLIN) 3177
245 #0 - TITLE STATEMENT
Title Agricultural System Models In Field Research And Technology Transfer. Chapter 12 :
Remainder of title Addressing Spatial Variability in Crop Model Applications / by
Statement of responsibility, etc. E. John Sadler, Edward M. Barnes, William D. Batchelor, Joel Paz, and Ayse Irmak
260 ## - PUBLICATION, DISTRIBUTION, ETC.
Place of publication, distribution, etc. Boca Raton, Florida:
Name of publisher, distributor, etc. CRC Press,
Date of publication, distribution, etc. 2016
300 ## - PHYSICAL DESCRIPTION
Extent 12 pages
336 ## - CONTENT TYPE
Content type term text
Source rdacontent
337 ## - MEDIA TYPE
Media type term computer
Source rdamedia
338 ## - CARRIER TYPE
Carrier type term online resource
Source rdacarrier
500 ## - GENERAL NOTE
General note Includes bibliographical references
650 ## - SUBJECT ADDED ENTRY--TOPICAL TERM
Topical term or geographic name entry element Agricultural System
9 (RLIN) 3107
650 ## - SUBJECT ADDED ENTRY--TOPICAL TERM
Topical term or geographic name entry element Crop Model Applications
9 (RLIN) 3179
650 ## - SUBJECT ADDED ENTRY--TOPICAL TERM
Topical term or geographic name entry element Spatial Variability
9 (RLIN) 3178
700 ## - ADDED ENTRY--PERSONAL NAME
Personal name Barnes, Edward M.
Relator term author
9 (RLIN) 3180
700 ## - ADDED ENTRY--PERSONAL NAME
Personal name Batchelor, William D.
Relator term author
9 (RLIN) 3181
700 ## - ADDED ENTRY--PERSONAL NAME
Personal name Irmak, Ayse
Relator term author
9 (RLIN) 3183
700 ## - ADDED ENTRY--PERSONAL NAME
Personal name Paz, Joel
Relator term author
9 (RLIN) 3182
856 ## - ELECTRONIC LOCATION AND ACCESS
Public note Request full-text at [email protected]
942 ## - ADDED ENTRY ELEMENTS (KOHA)
Source of classification or shelving scheme Library of Congress Classification
942 ## - ADDED ENTRY ELEMENTS (KOHA)
Koha item type Chapter in Books
942 ## - ADDED ENTRY ELEMENTS (KOHA)
Call number prefix EBCH 001631
Holdings
Withdrawn status Lost status Source of classification or shelving scheme Damaged status Not for loan Home library Current library Shelving location Date acquired Total checkouts Full call number Date last seen Price effective from Koha item type
    Library of Congress Classification     Halal Development Corporation Library Halal Development Corporation Library Open Shelves 24/05/2023   EBCH 001631 24/05/2023 24/05/2023 Chapter in Books
Halal Development Corporation Berhad (HDC)
5.02 Level 5, KPMG Tower, First Avenue, Persiaran Bandar Utama, 47800 Petaling Jaya, Selangor Darul Ehsan
Phone: +603 7965 5489 Email: [email protected]